Poverty reduction in developing countries: experiences from Asia and Africa (Record no. 487596)

000 -LEADER
fixed length control field 00519cam a22001577a 4500
008 - FIXED-LENGTH DATA ELEMENTS--GENERAL INFORMATION
fixed length control field 180718b1999 xxu||||| |||| 00| 0 eng d
020 ## - INTERNATIONAL STANDARD BOOK NUMBER
International Standard Book Number 8170335101
082 ## - DEWEY DECIMAL CLASSIFICATION NUMBER
Classification number Q31x1724 V989
245 ## - TITLE STATEMENT
Title Poverty reduction in developing countries: experiences from Asia and Africa
Statement of responsibility, etc. edited by V.S. Vyas and Pradeep Bhargava
260 ## - PUBLICATION, DISTRIBUTION, ETC.
Place of publication, distribution, etc. Jaipur
Name of publisher, distributor, etc. Rawat
Date of publication, distribution, etc. 1999
300 ## - PHYSICAL DESCRIPTION
Extent 316p.
650 ## - SUBJECT ADDED ENTRY--TOPICAL TERM
Topical term or geographic name entry element Public policy - Developing countries
650 ## - SUBJECT ADDED ENTRY--TOPICAL TERM
Topical term or geographic name entry element Poverty - Developing countries
700 ## - ADDED ENTRY--PERSONAL NAME
Personal name Bhargava, Pradeep
700 ## - ADDED ENTRY--PERSONAL NAME
Personal name Vyas, V.S.
Holdings
Withdrawn status Lost status Damaged status Not for loan Permanent Location Current Location Date acquired Full call number Barcode Date last seen Price effective from Koha item type
        Indian Institute of Public Administration Indian Institute of Public Administration 2018-08-04 Q31x1724 V989 GR17242 2018-08-04 2018-08-04 GR

Powered by Koha